000 00628nam a2200217Ia 4500
003 OSt
005 20221007071752.0
006 a|||||r|||| 00| 0
007 ta
008 221006b |||||||| |||| 00| 0 eng d
024 _a17,452
037 _cReports / Technical Reports
040 _aFLL
_cFLL
_beng
041 _2eng
_aeng
082 _aY:393.3.N6t, L4
245 0 _aReport of the committee on broadcasting, 1960
260 _aLondon
_bHer Majesty's Stationery Office England
_c1974
300 _a342p
_ccm.
942 _hY:393.3.N6t, L4
_cREP
_2CC
999 _c1144223
_d1144223